| 000 | 01935nam0a2200421 4500 | ||
|---|---|---|---|
| 001 | RU\NLR\bibl\603402 | ||
| 005 | 20250610142721.0 | ||
| 010 |
_a5-94057-152-2 _92000 |
||
| 021 |
_aRU _b2004-38815 _91931 |
||
| 035 | _aRSL-KNO-002448566 | ||
| 035 | _a(NLR Aleph) 000595333 | ||
| 090 |
_a1739052 _c1739052 |
||
| 100 | _a20040702d2004 |||y0rusy50 ca | ||
| 101 | 0 | _arus | |
| 102 | _aRU | ||
| 105 | _aa ||||||||| | ||
| 106 | _ar | ||
| 200 | 1 |
_aАлгебра комплексных чисел в геометрических задачах _eкн. для учащихся мат. кл. шк., учителей и студентов пед. вузов _fЯ. П. Понарин |
|
| 210 |
_aМ. _cИзд-во МЦНМО _d2004 |
||
| 215 |
_a159 с. _cил. _d20 |
||
| 313 | _aЗадачи планиметрии | ||
| 320 | _aБиблиогр.: с. 159 (17 назв.) | ||
| 320 | _aПредм. указ.: с. 156-158 | ||
| 606 | 0 |
_aПланиметрия _xЗадачи _xРешение _xКомплексных чисел метод _92083693 _3RU\NLR\auth\661259762 |
|
| 610 | 0 | _aФизико-математические науки -- Математика -- Алгебра -- Элементарная алгебра -- Комплексные числа -- Пособие по решению задач для высшей школы | |
| 610 | 0 | _aФизико-математические науки -- Математика -- Геометрия -- Пособие по решению задач для высшей школы | |
| 686 |
_aВ151.51я73-41 _2rubbk |
||
| 686 |
_aВ181я73-41 _2rubbk |
||
| 686 | _aВ181.11 | ||
| 700 | 1 |
_aПонарин _bЯ.П. _f1934- _gЯков Петрович _4070 |
|
| 801 | 0 |
_aRU _bRuMoRKP _c20040702 _grcr |
|
| 801 | 1 |
_aRU _bRuMoRGB _c20040702 |
|
| 801 | 2 |
_aRU _bNLR _c20050131 _gPSBO |
|
| 830 | _aавт. по кн. | ||
| 942 | _cBOOK | ||
| 980 | _aNB | ||